000 00715cam a22002533a 4500
001 14263
003 PGUSA
005 20140828083315.0
008 041206s2004||||xxu|||||s|||||000 1 eng d
040 _aPGUSA
_beng
042 _adc
050 4 _aPS
100 1 _aLane, Elinor Macartney,
_d1864-1909
245 1 0 _aKatrine :
_bA Novel
_h[electronic resource] /
_cElinor Macartney Lane
260 _bProject Gutenberg,
_c2004
506 _aPublic domain in the USA.
516 _aElectronic text
653 _aNorth Carolina -- Fiction
653 _aWomen singers -- Fiction
653 _aLove stories
830 0 _aProject Gutenberg
_v14263
856 4 0 _uhttp://www.gutenberg.org/ebooks/14263
942 _cEB
999 _c243518
_d243518